[Event "World Rapid Women 2018"]
[Site "St Petersburg RUS"]
[Date "2018.12.26"]
[Round "2.1"]
[White "Muzychuk, Anna"]
[Black "Kovanova, Baira"]
[Result "1-0"]
[WhiteTitle "GM"]
[BlackTitle "WGM"]
[WhiteElo "2569"]
[BlackElo "2352"]
[WhiteFideId "14111330"]
[BlackFideId "4164083"]
[EventDate "2018.12.26"]

1. e4 e5 2. Nf3 Nc6 3. Nc3 Nf6 4. Bb5 Bb4 5. O-O O-O 6. d3 d6 7. Ne2 h6 8. c3
Bc5 9. Ng3 a6 10. Ba4 b5 11. Bc2 Re8 12. a4 b4 13. d4 exd4 14. cxd4 Bb6 15. h3
a5 16. d5 Ne5 17. Nxe5 dxe5 18. Bd3 Bd7 19. Bb5 Bxb5 20. axb5 Bc5 21. Nf5 Bf8
22. Qf3 Kh7 23. Be3 g6 24. Ng3 Kg8 25. Rfc1 Nd7 26. Rc6 Nb8 27. Rc2 Nd7 28. Rac1
Qb8 29. Rxc7 Qxb5 30. R1c6 Red8 31. Qg4 Nb8 32. Rxg6+ 1-0

[Event "World Rapid Women 2018"]
[Site "St Petersburg RUS"]
[Date "2018.12.26"]
[Round "2.2"]
[White "Mamedjarova, Zeinab"]
[Black "Ju, Wenjun"]
[Result "0-1"]
[WhiteTitle "WGM"]
[BlackTitle "GM"]
[WhiteElo "2338"]
[BlackElo "2575"]
[WhiteFideId "13401521"]
[BlackFideId "8603006"]
[EventDate "2018.12.26"]

1. d4 Nf6 2. Nf3 d5 3. e3 e6 4. Bd3 Be7 5. Nbd2 c5 6. O-O Nbd7 7. b3 O-O 8. Bb2
b6 9. e4 dxe4 10. Nxe4 Bb7 11. Re1 Rc8 12. c4 cxd4 13. Bxd4 Nc5 14. Nxc5 Bxc5
15. Bxc5 bxc5 16. Ne5 Qc7 17. Ng4 Nxg4 18. Qxg4 Rfd8 19. Re3 Rd4 20. Qh3 g6 21.
Qg3 Qc6 22. Rae1 Rcd8 23. Bf1 Rd2 24. Qg5 Qd6 25. Qf6 Qd4 26. Qxd4 cxd4 27. R3e2
Rxe2 28. Rxe2 g5 29. f3 Kg7 30. Kf2 Kf6 31. b4 e5 32. Rc2 Ke6 33. Bd3 f5 34. c5
e4 35. Bc4+ Ke5 36. b5 d3 37. Rc1 Kd4 38. c6 d2 39. Rd1 Kxc4 40. fxe4 fxe4 41.
cxb7 Kd3 42. Rb1 e3+ 43. Kf3 Rf8+ 44. Kg4 e2 45. Rb3+ Kc2 0-1

[Event "World Rapid Women 2018"]
[Site "St Petersburg RUS"]
[Date "2018.12.26"]
[Round "2.4"]
[White "Lagno, Kateryna"]
[Black "Bivol, Alina"]
[Result "1/2-1/2"]
[WhiteTitle "GM"]
[BlackTitle "WGM"]
[WhiteElo "2560"]
[BlackElo "2393"]
[WhiteFideId "14109336"]
[BlackFideId "4100123"]
[EventDate "2018.12.26"]

1. e4 e6 2. d4 d5 3. Nd2 Be7 4. Ngf3 Nf6 5. e5 Nfd7 6. Bd3 c5 7. c3 Nc6 8. O-O
Qb6 9. a3 cxd4 10. cxd4 Nxd4 11. Nxd4 Qxd4 12. Nf3 Qb6 13. Qc2 h6 14. b4 Qd8 15.
Be3 Nb6 16. Nd4 Bd7 17. Qe2 O-O 18. Qh5 f5 19. Bxh6 Qe8 20. Qxe8 Rfxe8 21. Bd2
Rac8 22. Rac1 Kf7 23. Rxc8 Rxc8 24. Rc1 Nc4 25. Bxc4 dxc4 26. Bc3 Ba4 27. Kf1
Bg5 28. Re1 Rd8 29. g3 Rd5 30. f4 Bd8 31. Re2 Bb6 32. Rd2 Bxd4 33. Rxd4 Rxd4 1/2-1/2

[Event "World Rapid Women 2018"]
[Site "St Petersburg RUS"]
[Date "2018.12.26"]
[Round "2.5"]
[White "Tokhirjonova, Gulrukhbegim"]
[Black "Dzagnidze, Nana"]
[Result "0-1"]
[WhiteTitle "WGM"]
[BlackTitle "GM"]
[WhiteElo "2444"]
[BlackElo "2513"]
[WhiteFideId "14203626"]
[BlackFideId "13601903"]
[EventDate "2018.12.26"]

1. e4 c5 2. Nf3 d6 3. d4 cxd4 4. Nxd4 Nf6 5. Nc3 a6 6. h3 Nc6 7. g4 e6 8. g5 Nd7
9. Be3 Be7 10. h4 O-O 11. Qd2 Nxd4 12. Bxd4 b5 13. a3 Bb7 14. O-O-O Rc8 15. Kb1
Ne5 16. Rh3 Nc6 17. f4 Nxd4 18. Qxd4 f6 19. Qe3 e5 20. fxe5 fxe5 21. Rf3 Rxf3
22. Qxf3 Qf8 23. Qg4 Rc5 24. Be2 Bc8 25. Qg3 Be6 26. Bg4 Bc4 27. Qh3 Kh8 28. Be6
h6 29. Bxc4 Rxc4 30. gxh6 gxh6 31. Rf1 Qg8 32. Nd5 Bd8 33. Qe3 Qg7 34. Rg1 Rxe4
35. Qf2 Bxh4 36. Qb6 Bg5 37. Qxd6 Rd4 38. Rf1 Bf4 39. Qe6 Qg5 40. Rh1 Qg2 41.
Qe8+ Qg8 42. Qxg8+ Kxg8 43. Nxf4 exf4 44. Rxh6 Kg7 45. Rh1 Kg6 46. c3 Rd2 47.
Rf1 Kf5 48. a4 Kg4 49. axb5 axb5 50. Rg1+ Kh3 51. Rg5 f3 52. Rxb5 f2 53. Rf5
Rd1+ 54. Kc2 f1=Q 55. Rxf1 Rxf1 56. b4 Kg4 57. Kd3 Kf5 58. Kd4 Ke6 59. Kc5 Kd7
60. Kb6 Kc8 61. c4 Rf4 62. Kb5 Kb7 63. c5 Rh4 64. Ka5 Kc6 0-1

[Event "World Rapid Women 2018"]
[Site "St Petersburg RUS"]
[Date "2018.12.26"]
[Round "2.6"]
[White "Paehtz, Elisabeth"]
[Black "Buksa, Nataliya"]
[Result "1-0"]
[WhiteTitle "IM"]
[BlackTitle "IM"]
[WhiteElo "2487"]
[BlackElo "2410"]
[WhiteFideId "4641833"]
[BlackFideId "14123622"]
[EventDate "2018.12.26"]

1. d4 d5 2. Bf4 Nf6 3. e3 c5 4. Nf3 Nc6 5. Nbd2 g6 6. c3 Bg7 7. dxc5 Nd7 8. Nb3
e5 9. Bg3 e4 10. Nfd4 O-O 11. Bd6 Ne7 12. Nb5 Ne5 13. Be2 Be6 14. Nc7 Rc8 15.
Nxe6 fxe6 16. Nd4 Qd7 17. Bb5 N5c6 18. Qg4 Bxd4 19. cxd4 a6 20. Ba4 Rf7 21. Bxe7
Qxe7 22. Bxc6 Rxc6 23. O-O e5 24. b4 exd4 25. exd4 Re6 26. Rae1 e3 27. fxe3
Rxf1+ 28. Kxf1 Rxe3 29. Qc8+ Kg7 30. Rxe3 Qxe3 31. Qxb7+ Kh6 32. Qxd5 Qc1+ 33.
Ke2 Qc2+ 34. Ke3 Qc3+ 35. Kf4 Qxb4 36. Qg5+ Kg7 37. Qe7+ Kg8 38. Ke5 Qc3 39.
Qe6+ Kg7 40. Qf6+ Kg8 41. Kd6 Qb4 42. Ke6 Qe1+ 43. Qe5 Qd2 44. Ke7 Qxg2 45. Qb8+
Kg7 46. Qf8# 1-0

[Event "World Rapid Women 2018"]
[Site "St Petersburg RUS"]
[Date "2018.12.26"]
[Round "2.7"]
[White "Zhukova, Natalia"]
[Black "Muzychuk, Mariya"]
[Result "0-1"]
[WhiteTitle "GM"]
[BlackTitle "GM"]
[WhiteElo "2377"]
[BlackElo "2540"]
[WhiteFideId "14101513"]
[BlackFideId "14114550"]
[EventDate "2018.12.26"]

1. c4 c5 2. Nf3 Nc6 3. d4 cxd4 4. Nxd4 Nf6 5. Nc3 e6 6. g3 Qb6 7. Ndb5 Ne5 8.
Bg2 a6 9. Qa4 Rb8 10. Na3 Qb4 11. Qb3 Qxb3 12. axb3 Be7 13. O-O d6 14. b4 O-O
15. b5 Nfd7 16. f4 Ng6 17. Be3 f5 18. Rfd1 Nf6 19. h3 e5 20. Nd5 Nxd5 21. Bxd5+
Kh8 22. b6 exf4 23. gxf4 Bf6 24. Rab1 Re8 25. Nc2 Be6 26. Kf2 Re7 27. Bf3 Bxc4
28. b3 Bb5 29. Rxd6 Rc8 30. Rxf6 gxf6 31. Nd4 Nh4 32. Nxb5 axb5 33. Bd4 Kg7 34.
Rg1+ Ng6 35. h4 Rd7 36. Ba1 Kf7 37. h5 Nxf4 38. h6 Nh3+ 39. Kg3 Nxg1 0-1

[Event "World Rapid Women 2018"]
[Site "St Petersburg RUS"]
[Date "2018.12.26"]
[Round "2.8"]
[White "Gritsayeva, Oksana"]
[Black "Koneru, Humpy"]
[Result "1/2-1/2"]
[WhiteTitle "WFM"]
[BlackTitle "GM"]
[WhiteElo "2378"]
[BlackElo "2541"]
[WhiteFideId "14104652"]
[BlackFideId "5008123"]
[EventDate "2018.12.26"]

1. e4 e5 2. Nf3 Nf6 3. Nc3 Nc6 4. d4 exd4 5. Nxd4 Bb4 6. Nxc6 bxc6 7. Bd3 O-O 8.
O-O d5 9. exd5 cxd5 10. Bg5 c6 11. Qf3 Be7 12. h3 h6 13. Bf4 Be6 14. Ne2 c5 15.
b3 c4 16. bxc4 dxc4 17. Be4 Nxe4 18. Qxe4 Bf6 19. Be5 Bd5 20. Bxf6 Bxe4 21. Bxd8
Rfxd8 22. c3 Rd2 23. Nd4 Rb8 24. Rfd1 Rxd1+ 25. Rxd1 Rb2 26. Ra1 Kf8 27. a3 Bb1
28. Nc6 a6 29. Ne5 Bd3 30. Rd1 Rb3 31. Nxd3 cxd3 32. Rxd3 Rxa3 33. Rd6 Ke7 34.
Rb6 a5 35. Ra6 h5 36. Kf1 Ra2 37. g3 g6 38. Kg2 Ra3 39. c4 a4 40. h4 Kd7 41. c5
Ra1 42. Kf3 Ke7 43. Ke4 a3 44. Kd5 a2 45. Kc6 Ke6 46. Kc7+ Kd5 47. c6 Rc1 48.
Ra5+ Rc5 49. Rxa2 Rxc6+ 50. Kd7 Re6 51. Ra4 Rf6 52. Ra2 Ke4 53. Ke7 Rf5 54. f4
Kf3 55. Ra3+ Kg4 56. Rb3 Kh3 57. Rc3 Kg4 58. Rb3 Kh3 59. Rd3 1/2-1/2

[Event "World Rapid Women 2018"]
[Site "St Petersburg RUS"]
[Date "2018.12.26"]
[Round "2.9"]
[White "Goryachkina, Aleksandra"]
[Black "Dordzhieva, Dinara"]
[Result "1-0"]
[WhiteTitle "GM"]
[BlackTitle "WIM"]
[WhiteElo "2518"]
[BlackElo "2340"]
[WhiteFideId "4147103"]
[BlackFideId "24157570"]
[EventDate "2018.12.26"]

1. e4 c5 2. Nf3 d6 3. c3 Nf6 4. Be2 g6 5. O-O Bg7 6. Bb5+ Bd7 7. Bxd7+ Qxd7 8.
Re1 O-O 9. d4 cxd4 10. cxd4 d5 11. e5 Ne4 12. Nc3 Nxc3 13. bxc3 Nc6 14. h4 Rac8
15. h5 Nd8 16. Bd2 Qg4 17. h6 Bh8 18. Qb3 Rc4 19. a4 Qd7 20. a5 a6 21. Be3 f6
22. Nd2 Rc6 23. exf6 Bxf6 24. Ne4 Kh8 25. Nxf6 exf6 26. Bd2 Nf7 27. Rab1 Nd8 28.
Re3 g5 29. Bc1 Rg8 30. Ba3 Qf5 31. Be7 Ne6 32. Rbe1 Nf4 33. Qxb7 Qg4 34. Rg3
Ne2+ 35. Rxe2 Qxe2 36. Qxc6 Qxe7 37. Re3 Qf7 38. Qxa6 Rb8 39. Re1 g4 40. Qd6 Rg8
41. a6 Qg6 42. a7 Qxh6 43. Qxd5 Qd2 44. Qxg8+ 1-0

[Event "World Rapid Women 2018"]
[Site "St Petersburg RUS"]
[Date "2018.12.26"]
[Round "2.10"]
[White "Danielian, Elina"]
[Black "Tsatsalashvili, Keti"]
[Result "1/2-1/2"]
[WhiteTitle "GM"]
[BlackTitle "WGM"]
[WhiteElo "2427"]
[BlackElo "2303"]
[WhiteFideId "13300210"]
[BlackFideId "13603434"]
[EventDate "2018.12.26"]

1. d4 Nf6 2. Nf3 e6 3. e3 c5 4. c4 d5 5. a3 Nc6 6. Nc3 a6 7. dxc5 Bxc5 8. b4 Ba7
9. Bb2 O-O 10. Qc2 Qe7 11. Rd1 Rd8 12. Be2 h6 13. O-O dxc4 14. Bxc4 b5 15. Ba2
Bb7 16. Bb1 Rac8 17. Ne4 Nxe4 18. Qxe4 f5 19. Qh4 Qxh4 20. Nxh4 Ne7 21. h3 Bd5
22. Nf3 Bb3 23. Rxd8+ Rxd8 24. Rc1 Bc4 25. Ne5 f4 26. Re1 fxe3 27. fxe3 Bxe3+
28. Rxe3 Rd1+ 29. Kh2 Rxb1 30. Nxc4 bxc4 31. Rxe6 Nd5 32. Rd6 Nxb4 33. Bxg7 Kxg7
34. axb4 Rxb4 35. Rxa6 c3 1/2-1/2

[Event "World Rapid Women 2018"]
[Site "St Petersburg RUS"]
[Date "2018.12.26"]
[Round "2.11"]
[White "Haussernot, Cecile"]
[Black "Stefanova, Antoaneta"]
[Result "0-1"]
[WhiteTitle "WIM"]
[BlackTitle "GM"]
[WhiteElo "2196"]
[BlackElo "2486"]
[WhiteFideId "601632"]
[BlackFideId "2902257"]
[EventDate "2018.12.26"]

1. e4 c6 2. d4 d5 3. exd5 cxd5 4. Bd3 Nf6 5. c3 Qc7 6. Ne2 Nc6 7. Bf4 Qd8 8. O-O
g6 9. Nd2 Bg7 10. Nf3 Nh5 11. Bg5 f6 12. Bh4 Bg4 13. Ne1 Nf4 14. Bb5 Qb6 15. f3
Nxe2+ 16. Qxe2 Bd7 17. Kh1 O-O 18. Bd3 e5 19. dxe5 Nxe5 20. Bf2 Qa5 21. Nc2 Rfe8
22. Qd2 Rad8 23. Rfe1 Nc4 24. Bxc4 dxc4 25. Qf4 Be6 26. Bd4 g5 27. Qg3 Bf7 28.
Ne3 h6 29. f4 Qc7 30. Rf1 Re4 31. Nf5 Rxf4 32. Rfe1 Rd7 33. Nxg7 Kxg7 34. Re3 b5
35. Rae1 b4 36. Rf3 a5 37. Ref1 Rfxd4 38. Qxc7 Rxc7 39. cxd4 c3 40. bxc3 bxc3
41. Rc1 c2 42. Rf2 Bg6 43. d5 Rb7 44. Kg1 Rb1 45. Rff1 Kf7 46. Kf2 Rb5 47. Ke3
Rxd5 48. Rf2 Rd3+ 49. Ke2 Ra3 50. Kd2 Rxa2 51. Kc3 Ra3+ 52. Kb2 Re3 53. Rcf1 Re6
54. Rf3 a4 55. Rc3 Rb6+ 56. Ka3 Be4 57. Rc7+ Kg6 58. Re1 Bf5 59. g4 Bxg4 60.
Rxc2 Bd7 61. Rc7 Rb3+ 62. Ka2 Rd3 63. Re7 Bg4 64. Re4 Bd1 65. Ree7 Rd2+ 66. Ka3
Rxh2 67. Rg7+ Kh5 68. Rc6 Rh3+ 69. Kb4 Rb3+ 70. Kc4 Rf3 71. Kd4 Bb3 72. Ke4 Rf4+
73. Ke3 a3 74. Ra6 a2 75. Rb7 Bd5 76. Rd7 Bc4 77. Ra5 Rf1 78. Rda7 Kg6 79. Kd4
Be6 80. R7a6 Bf7 81. Ke3 h5 82. Ra7 h4 83. Ke2 Bc4+ 84. Ke3 h3 0-1

[Event "World Rapid Women 2018"]
[Site "St Petersburg RUS"]
[Date "2018.12.26"]
[Round "2.12"]
[White "Abdumalik, Zhansaya"]
[Black "Nomin-Erdene, Davaademberel"]
[Result "1-0"]
[WhiteTitle "IM"]
[BlackTitle "IM"]
[WhiteElo "2470"]
[BlackElo "2376"]
[WhiteFideId "13703544"]
[BlackFideId "4900782"]
[EventDate "2018.12.26"]

1. e4 c6 2. d4 d5 3. Nd2 dxe4 4. Nxe4 Bf5 5. Ng3 Bg6 6. h4 h6 7. Nh3 Nf6 8. Nf4
Bh7 9. Be3 e6 10. Bd3 Bxd3 11. Qxd3 Nbd7 12. O-O-O Qa5 13. Kb1 O-O-O 14. c4 Bd6
15. Qc2 Qc7 16. Nge2 c5 17. Nd3 Ng4 18. Bd2 a6 19. f3 Ngf6 20. Rc1 Kb8 21. Rhd1
Ka8 22. Qa4 Rc8 23. Ba5 Qc6 24. Qb3 Bc7 25. Bc3 Rhd8 26. a3 Bb6 27. Ne5 Nxe5 28.
dxe5 Ne8 29. Ng3 Bc7 30. Ne4 Rb8 31. Qc2 Rxd1 32. Rxd1 Bd8 33. h5 Be7 34. Ka2
Rd8 35. Rxd8+ Bxd8 36. Qd3 Be7 37. g4 Qc7 38. f4 Qd8 39. Qxd8+ Bxd8 40. Nxc5 Bb6
41. Nd3 Be3 42. Kb3 g6 43. g5 hxg5 44. h6 1-0

[Event "World Rapid Women 2018"]
[Site "St Petersburg RUS"]
[Date "2018.12.26"]
[Round "2.13"]
[White "Vo, Thi Kim Phung"]
[Black "Tan, Zhongyi"]
[Result "0-1"]
[WhiteTitle "WGM"]
[BlackTitle "GM"]
[WhiteElo "2352"]
[BlackElo "2508"]
[WhiteFideId "12401838"]
[BlackFideId "8603642"]
[EventDate "2018.12.26"]

1. d4 Nf6 2. c4 e6 3. Nc3 Bb4 4. Qc2 O-O 5. Nf3 d5 6. cxd5 exd5 7. Bg5 c5 8.
dxc5 Be6 9. a3 Bxc5 10. e3 h6 11. Bh4 Nbd7 12. Bd3 Rc8 13. O-O Bb6 14. Bf5 Qe8
15. Rfd1 Ba5 16. Bxe6 fxe6 17. b4 Bc7 18. Qd3 Ne5 19. Nxe5 Bxe5 20. Bxf6 Rxf6
21. Rac1 Qh5 22. Nxd5 Qxh2+ 23. Kf1 Rxc1 24. Rxc1 Qh1+ 25. Ke2 Qxc1 26. Nxf6+
Bxf6 27. b5 Qb2+ 28. Kf1 Qa1+ 29. Ke2 Qa2+ 30. Kf1 Qd5 31. Qb1 Qc4+ 32. Kg1 Qc3
33. Qg6 Qa1+ 34. Kh2 Qe5+ 35. g3 Qxb5 36. Kg1 a5 37. Qe4 Qd5 38. Qa4 b6 39. Qe8+
Kh7 40. a4 Bc3 41. Qc8 Bb4 42. Qc2+ Qf5 43. Qe2 e5 44. e4 Qf6 45. Kg2 Bc5 46. f3
Qg5 47. Qa2 Qe3 48. Qf7 Qd2+ 49. Kh3 Qg5 50. Qe6 Bf2 51. g4 Qf4 52. Kg2 Bh4 53.
Qb3 Qg3+ 54. Kh1 Qe1+ 55. Kg2 Qf2+ 56. Kh1 Bg3 0-1

[Event "World Rapid Women 2018"]
[Site "St Petersburg RUS"]
[Date "2018.12.26"]
[Round "2.14"]
[White "Vega Gutierrez, Sabrina"]
[Black "Arabidze, Meri"]
[Result "1/2-1/2"]
[WhiteTitle "IM"]
[BlackTitle "IM"]
[WhiteElo "2390"]
[BlackElo "2387"]
[WhiteFideId "2219026"]
[BlackFideId "13604040"]
[EventDate "2018.12.26"]

1. e4 c5 2. Nf3 e6 3. d4 cxd4 4. Nxd4 a6 5. Be2 Nf6 6. Nc3 d6 7. O-O Be7 8. f4
Qc7 9. Be3 O-O 10. Kh1 Nbd7 11. Qe1 b5 12. Bf3 Bb7 13. a3 Rac8 14. Qg3 Kh8 15.
Rae1 Nb6 16. Bc1 Rfd8 17. Nd1 d5 18. e5 Ne4 19. Qh3 Bc5 20. Nb3 Bf8 21. c3 Nc4
22. Nf2 Nxf2+ 23. Rxf2 a5 24. Nd4 b4 25. axb4 axb4 26. f5 exf5 27. e6 Re8 28.
Rfe2 bxc3 29. bxc3 Nd6 30. Bf4 Qxc3 31. Be5 Ne4 32. Bxe4 Qxh3 33. gxh3 dxe4 34.
Rb2 Bd5 35. Nxf5 Bxe6 36. Nd6 Bxd6 37. Bxd6 Bxh3 38. Rb7 Rcd8 39. Ba3 Rd7 40.
Rb3 Be6 41. Rg3 Rd3 42. Kg1 f5 43. Rxd3 exd3 44. Bb4 Kg8 45. Re3 Rb8 46. Bc3 Kf7
47. Rxd3 g5 48. Bd2 h6 49. h4 f4 50. hxg5 hxg5 51. Rd4 Kg6 52. Bxf4 gxf4 53.
Rxf4 Bf5 54. Kf2 Kg5 55. Rd4 Rb3 56. Ke2 Kf6 57. Ke1 Ke5 58. Rd2 Bd3 59. Kf2 Be4
60. Ke2 Kf4 61. Kf2 Rh3 62. Ke1 Bd3 63. Rf2+ Ke3 64. Re2+ Kd4 65. Rd2 Rf3 66.
Rf2 Re3+ 67. Kd2 Re8 68. Rf4+ Be4 69. Rf2 Ra8 70. Ke1 Ra1+ 71. Kd2 Rb1 72. Ke2
Rb2+ 73. Ke1 Rb3 74. Kd2 Re3 75. Rf8 Rh3 76. Rf2 Bf3 77. Ke1 Ke4 78. Kd2 Rh8 79.
Kc3 Ke3 80. Rb2 Rc8+ 81. Kb4 Be2 82. Ka5 Bd3 83. Rb4 Bc4 84. Kb6 Kd4 85. Ka5
Ra8+ 86. Kb6 Ra6+ 87. Kc7 Rh6 88. Rb6 Rh7+ 89. Kd6 Rg7 90. Rb4 Rg6+ 91. Ke7 Kc5
92. Rb1 Bd5 93. Re1 Kd4 94. Kd8 Be4 95. Rc1 Ke5 96. Rc7 Rg8+ 97. Ke7 Bd5 98. Kd7
Rh8 99. Ke7 Rh7+ 100. Kd8 Rh6 101. Ke7 Rf6 102. Kd8 Be6 103. Ke7 Rf7+ 104. Kd8
Rf8+ 105. Ke7 Ra8 106. Rc5+ Bd5 107. Rc7 Rh8 108. Kd7 Be6+ 109. Ke7 Rh7+ 110.
Kd8 Rh1 1/2-1/2

[Event "World Rapid Women 2018"]
[Site "St Petersburg RUS"]
[Date "2018.12.26"]
[Round "2.15"]
[White "Murashova, Ekaterina"]
[Black "Khotenashvili, Bela"]
[Result "1/2-1/2"]
[WhiteTitle "WIM"]
[BlackTitle "GM"]
[WhiteElo "2259"]
[BlackElo "2479"]
[WhiteFideId "4171985"]
[BlackFideId "13602640"]
[EventDate "2018.12.26"]

1. e4 c6 2. d4 d5 3. exd5 cxd5 4. c4 Nf6 5. Nc3 Nc6 6. Nf3 a6 7. cxd5 Nxd5 8.
Bd3 Bg4 9. Be4 e6 10. h3 Bh5 11. a3 Be7 12. O-O O-O 13. Qd3 Nf6 14. Bxc6 bxc6
15. Ne5 Qb6 16. Be3 Nd5 17. Nd7 Qxb2 18. Nxd5 cxd5 19. Rfb1 Bg6 20. Rxb2 Bxd3
21. Nxf8 Bxf8 22. Bf4 a5 23. Rb8 Rxb8 24. Bxb8 a4 25. Ba7 g5 26. f3 Bd6 27. Kf2
Kg7 28. Bc5 Bf4 29. g3 Bc7 30. Rd1 Bc4 31. Rb1 Bb3 32. Rc1 Bc4 33. Rb1 Bb3 34.
Rc1 Kg6 35. Bb4 Bc4 36. Rb1 h5 37. Be7 Bb3 38. Rc1 Bc4 39. Rb1 Bb3 40. Rc1 Bc4 1/2-1/2

[Event "World Rapid Women 2018"]
[Site "St Petersburg RUS"]
[Date "2018.12.26"]
[Round "2.16"]
[White "Shvayger, Yuliya"]
[Black "Girya, Olga"]
[Result "0-1"]
[WhiteTitle "IM"]
[BlackTitle "WGM"]
[WhiteElo "2393"]
[BlackElo "2454"]
[WhiteFideId "14100126"]
[BlackFideId "4195752"]
[EventDate "2018.12.26"]

1. e4 c6 2. d4 d5 3. e5 Bf5 4. Nf3 e6 5. Be2 Ne7 6. O-O Bg6 7. Nbd2 c5 8. dxc5
Nec6 9. Nb3 Nd7 10. c4 dxc4 11. Bxc4 Be7 12. Bf4 O-O 13. Bb5 Nxc5 14. Nxc5 Bxc5
15. Bxc6 bxc6 16. Qxd8 Rfxd8 17. Rac1 Rd5 18. Be3 Bxe3 19. fxe3 c5 20. Rc3 Rb8
21. b3 h6 22. Rfc1 Rb5 23. Kf2 Be4 24. a4 Ra5 25. Kg3 g5 26. Rc4 Bxf3 27. gxf3
Rxe5 28. e4 Kg7 29. Rd1 f5 30. Rd7+ Kf6 31. Rh7 Kg6 32. Rc7 Ra6 33. exf5+ exf5
34. R7xc5 Rxc5 35. Rxc5 Rb6 36. Rc3 f4+ 37. Kg2 Kh5 38. Rd3 a5 39. Rc3 Rb7 40.
Rd3 Rb8 41. Rc3 Rb6 42. Rd3 Kh4 43. Rc3 Rb8 44. Rd3 Rb7 45. Rc3 Rb6 46. Rd3 h5
47. Rd5 Rxb3 48. Rxa5 Rb2+ 49. Kg1 Ra2 50. Ra8 Ra1+ 51. Kg2 Ra2+ 52. Kg1 g4 53.
fxg4 Kxg4 54. a5 h4 55. h3+ Kg3 56. Rg8+ Kxh3 57. Rg5 f3 58. Kf1 Kh2 59. Rf5 Kg3
60. Rg5+ Kf4 61. Rb5 h3 62. Rb4+ 0-1

[Event "World Rapid Women 2018"]
[Site "St Petersburg RUS"]
[Date "2018.12.26"]
[Round "2.17"]
[White "Cramling, Pia"]
[Black "Sviridova, Vlada"]
[Result "1/2-1/2"]
[WhiteTitle "GM"]
[BlackTitle "WFM"]
[WhiteElo "2465"]
[BlackElo "2144"]
[WhiteFideId "1700030"]
[BlackFideId "24109606"]
[EventDate "2018.12.26"]

1. Nf3 d5 2. d4 Nf6 3. c4 c6 4. Qb3 dxc4 5. Qxc4 Bf5 6. g3 e6 7. Bg2 Nbd7 8. O-O
Be7 9. e3 O-O 10. Qe2 Qc7 11. Nc3 e5 12. dxe5 Nxe5 13. Nxe5 Qxe5 14. e4 Bg4 15.
f3 Be6 16. Be3 Bc5 17. Rfd1 Bc4 18. Qf2 Bxe3 19. Qxe3 Rfe8 20. Qd4 Qxd4+ 21.
Rxd4 b5 22. b3 Be6 23. f4 Rad8 24. Rad1 Rxd4 25. Rxd4 c5 26. Rd6 b4 27. Na4 c4
28. bxc4 Bxc4 29. Rd4 Bxa2 30. Rxb4 h5 31. h3 g6 32. Rd4 Rc8 33. e5 Ne8 34. Be4
Ng7 35. Rd2 Bb3 36. Nb2 a5 37. Nd3 a4 38. Nb4 Rc4 39. Nd5 Ne8 40. Bd3 Rc1+ 41.
Kf2 Bxd5 42. Bb5 Nc7 43. Bxa4 Kf8 44. g4 hxg4 45. hxg4 Rh1 46. Rd4 Rh2+ 47. Kg3
Rg2+ 48. Kh3 Ra2 49. f5 gxf5 50. gxf5 Re2 51. e6 f6 52. Rb4 Ke7 53. Rh4 Re3+ 54.
Kh2 Kd6 55. Rh8 Re5 56. Rd8+ Kc5 57. Rd7 Na6 58. Rf7 Rxf5 59. Ra7 Kb6 60. e7 Bf7
61. Ra8 Nc7 62. Rf8 Rh5+ 63. Kg3 Rg5+ 64. Kf2 Rf5+ 65. Kg3 Rg5+ 66. Kf2 Rf5+ 67.
Kg3 Rg5+ 1/2-1/2

[Event "World Rapid Women 2018"]
[Site "St Petersburg RUS"]
[Date "2018.12.26"]
[Round "2.18"]
[White "Khademalsharieh, Sarasadat"]
[Black "Assaubayeva, Bibisara"]
[Result "0-1"]
[WhiteTitle "IM"]
[BlackTitle "FM"]
[WhiteElo "2470"]
[BlackElo "2372"]
[WhiteFideId "12512214"]
[BlackFideId "13708694"]
[EventDate "2018.12.26"]

1. d4 Nf6 2. c4 g6 3. g3 Bg7 4. Bg2 O-O 5. Nc3 d6 6. Nf3 c6 7. O-O Bf5 8. Nh4
Be6 9. d5 cxd5 10. cxd5 Bd7 11. Nf3 a5 12. Nd4 Na6 13. a4 Qb6 14. Ndb5 Nc5 15.
Be3 Rfc8 16. Bd4 Ne8 17. Bxg7 Kxg7 18. Qd4+ Kg8 19. Qe3 Bxb5 20. axb5 Qd8 21. h4
h5 22. Bh3 Nd7 23. Na4 Nef6 24. Qd4 Rc2 25. Rfe1 Ne5 26. Bg2 Rc4 27. Qb6 Qd7 28.
Nc3 Rcc8 29. Qd4 Qf5 30. Ra4 Qc2 31. Ra2 Qb3 32. Rea1 a4 33. Qd1 Qxd1+ 34. Nxd1
Rc2 35. Kf1 Nc4 36. Ke1 a3 37. bxa3 Rxa2 38. Rxa2 Rxa3 39. Rc2 Ra4 40. e3 Rb4
41. Nc3 Na3 42. Ra2 Nxb5 43. Nxb5 Rxb5 44. Rc2 Rc5 45. Rb2 Rc7 46. Kd2 Nd7 47.
Kd3 Nc5+ 48. Kd4 Rc8 49. Ra2 Nb3+ 50. Ke4 Nc5+ 51. Kd4 Kg7 52. Ra3 Kf6 53. Bf1
Kg7 54. Bb5 e5+ 55. dxe6 fxe6 56. Be2 Rf8 57. f4 Kf6 58. e4 Rc8 59. Rf3 Ke7 60.
e5 dxe5+ 61. fxe5 Nd7 62. Bd3 Rd8 63. Re3 Nf6+ 64. Kc4 Ng4 65. Re2 Rd5 66. Kc3
Rxe5 67. Rb2 Rc5+ 68. Kd2 Rd5 69. Rxb7+ Kf6 70. Ke2 Ne5 71. Bc2 Rc5 72. Kd2 Nc4+
73. Ke2 Ne5 74. Kd2 Nf3+ 75. Kd1 Rd5+ 76. Kc1 Nd4 77. Bd3 Nf5 78. Bxf5 Kxf5 79.
Rb4 Rd3 80. Rf4+ Ke5 0-1

[Event "World Rapid Women 2018"]
[Site "St Petersburg RUS"]
[Date "2018.12.26"]
[Round "2.19"]
[White "Belenkaya, Dina"]
[Black "Gunina, Valentina"]
[Result "0-1"]
[WhiteTitle "WGM"]
[BlackTitle "GM"]
[WhiteElo "2338"]
[BlackElo "2496"]
[WhiteFideId "24142654"]
[BlackFideId "4167570"]
[EventDate "2018.12.26"]

1. e4 c6 2. d4 d5 3. exd5 cxd5 4. Bd3 Nc6 5. c3 Nf6 6. Bf4 Bg4 7. Qb3 Qd7 8. Nd2
e6 9. Ngf3 Bxf3 10. Nxf3 Bd6 11. Bxd6 Qxd6 12. O-O Qc7 13. Rfe1 O-O 14. Ne5 Nxe5
15. Rxe5 Rab8 16. a4 Ng4 17. Rh5 f5 18. Qc2 Rbe8 19. Qd2 g6 20. Rh3 e5 21. Bb5
Re7 22. f3 Nf6 23. dxe5 Qxe5 24. Rh4 a6 25. Bf1 Rfe8 26. Rd4 Kg7 27. Rd1 Qc7 28.
Rb4 Re6 29. Qd4 R8e7 30. Qd2 Re3 31. Qd4 R3e6 32. Qd2 h6 33. Qd4 Rd7 34. Qf4 Qd8
35. Qd4 Kh7 36. Bd3 Rde7 37. Bf1 Qc7 38. Qd2 Kg7 39. Qd4 Re5 40. Rb6 Kf7 41. Rb4
R5e6 42. Qd2 Kg7 43. Qd4 Rd7 44. Qf4 Qc6 45. Qd4 Qd6 46. Qf4 Qe7 47. Qd4 Kh7 48.
Rb6 Rxb6 49. Qxb6 Rd6 50. Qd4 Re6 51. a5 Qc7 52. Qb4 Kg7 53. Bd3 Re8 54. Bf1 h5
55. Bd3 Re6 56. Bf1 h4 57. Qxh4 Qxa5 58. Qd4 Qa2 59. Qb4 b6 60. h4 a5 61. Qb5
Kh6 62. Kh2 Kg7 63. Kh3 Kh6 64. Kh2 Kh5 65. Bd3 Kxh4 66. Rh1 Kg5 67. Bb1 Qc4 68.
Bd3 Qf4+ 69. g3 Qxf3 70. Rf1 Ng4+ 71. Kh3 Nf2+ 72. Kh2 Re7 73. Qxb6 Rh7+ 0-1

[Event "World Rapid Women 2018"]
[Site "St Petersburg RUS"]
[Date "2018.12.26"]
[Round "2.20"]
[White "Javakhishvili, Lela"]
[Black "Makarenko, Alexandra"]
[Result "1-0"]
[WhiteTitle "IM"]
[BlackTitle "WIM"]
[WhiteElo "2464"]
[BlackElo "2228"]
[WhiteFideId "13601458"]
[BlackFideId "4165055"]
[EventDate "2018.12.26"]

1. d4 Nf6 2. c4 g6 3. g3 c5 4. dxc5 Na6 5. Bg2 Bg7 6. Nc3 Nxc5 7. Nf3 O-O 8. O-O
d6 9. Nd4 a5 10. b3 Bd7 11. h3 Nh5 12. Bb2 Ne6 13. Nxe6 Bxe6 14. Qd2 Qb6 15. e3
Rfc8 16. Rfd1 Rab8 17. Rac1 Bh6 18. Na4 Qc7 19. c5 d5 20. g4 Nf6 21. Bc3 d4 22.
Qxd4 Rd8 23. Qe5 Qxe5 24. Bxe5 Rxd1+ 25. Rxd1 Re8 26. Bxb7 Nd7 27. Bc3 Rb8 28.
c6 Nf8 29. Be5 Re8 30. c7 Bd7 31. Nb6 Bg7 32. Bxg7 1-0